01594 2200685 4500001002100000005001500021035002000036007000300056008004100059020002200100082000800122084001400130100001600144245010100160260003100261300004300292650001400335700001900349700002000368990001300388990001300401990001300414990001300427990001300440990001300453990001300466990001300479990001300492990001300505990001300518990001300531990001300544990001300557990001300570990001300583990001300596990001300609990001300622990001300635990001300648990001300661990001300674990001300687990001300700990001300713990001300726990001300739990001300752990001300765990001300778990001300791990001300804990001300817990001300830990001300843990001300856990001300869990001300882990001300895INLIS00000000000152320240917094227 a0010-0924000008ta240917 0 ind  a978-623-180-677-2 a301 a301 KUN s0 aKun Maryati1 aSosiologi [ xii ] :bUntuk SMA/ MA Kelas XII /cKun Maryati., Juju Suryawati., Nina R. Suminar., aJakarta :bErlangga,c2024 axi, 244 hlm :bIlus ;c17.5 cm x 25 cm 4aSOSIOLOGI0 aJuju Suryawati0 aNina R. Suminar a12581258 a12581258 a12581258 a12581258 a12581258 a12581258 a12581258 a12581258 a12581258 a12581258 a12581258 a12581258 a12581258 a12581258 a12581258 a12581258 a12581258 a12581258 a12581258 a12581258 a12581258 a12581258 a12581258 a12581258 a12581258 a12581258 a12581258 a12581258 a12581258 a12581258 a12581258 a12581258 a12581258 a12581258 a12581258 a12581258 a12581258 a12581258 a12581258 a12581258